| 000 | 00987cam a22002895a 4500 | ||
|---|---|---|---|
| 003 | EG-ScBUE | ||
| 005 | 20211201105739.0 | ||
| 008 | 090820s1998 ua f 000 f ara d | ||
| 017 | _a1998 / 8090 | ||
| 020 | _a977015721X | ||
| 040 |
_aEG-ScBUE _bara _erda _cEG-ScBUE _dEG-ScBUE |
||
| 082 | 0 | 4 |
_a892.736 _bب س ا _222 |
| 100 | 1 |
_aالبساطي، محمد، _eمؤلف. _927083 |
|
| 245 | 1 | 0 |
_aصخب البحيرة / _cمحمد البساطي. |
| 264 | 1 |
_aالقاهرة : _bالهيئة المصرية العامة للكتاب، _c1998. |
|
| 300 |
_a143 صفحة ؛ _c18 سم. |
||
| 336 |
_2rdacontent _aنص _btxt |
||
| 337 |
_2rdamedia _aبدون وسيط _bn |
||
| 338 |
_2rdacarrier _aمجلد _bnc |
||
| 490 | 0 |
_aمكتبة الأسرة. _aالأعمال الإبداعية |
|
| 590 | _adoaa mohamed | ||
| 650 | 7 |
_aالقصص العربية _yقرن 20. _2BUEsh |
|
| 651 | _2BUEsh | ||
| 653 |
_bARALIT _cAugust2015 |
||
| 655 |
_vReading book _934232 |
||
| 942 |
_2ddc _cBB |
||
| 999 |
_c12658 _d12658 |
||